| 000 | 00468nam a22001457a 4500 | ||
|---|---|---|---|
| 005 | 20260304125522.0 | ||
| 008 | 260304b |||||||| |||| 00| 0 eng d | ||
| 020 | _a0943575265 | ||
| 050 | _aBS2335 LIG | ||
| 100 | _aLightfoot, John | ||
| 245 |
_aA Commentary on the New Testament from the Talmud and Hebraica: _bMatthew- 1 Corinthians _cJohn Lightfoot |
||
| 260 |
_aUSA _bHendrickson Publishers Inc., _c1997 |
||
| 300 |
_a4volume set, 480p. _c22.5cm |
||
| 942 |
_2lcc _cBK _n0 |
||
| 999 |
_c8869 _d8869 |
||